人口密度1000人/㎢以上の町村 - Statistics

General Stats
  • This quiz has been taken 305 times
  • The average score is 56 of 86
Answer Stats
都道府県 所属郡 人口密度(人/㎢) 人口(人) Answer % Correct
広島県 安芸郡 5003.46 52086 府中町
93%
神奈川県 高座郡 3645.50 48631 寒川町
82%
福岡県 糟屋郡 3464.69 48956 粕屋町
82%
大阪府 泉南郡 1,460.32 8207 田尻町
82%
福岡県 糟屋郡 5341.89 46421 志免町
79%
静岡県 駿東郡 3564.36 31402 清水町
79%
神奈川県 三浦郡 1844.54 31431 葉山町
79%
神奈川県 中郡 2986.78 27120 二宮町
78%
神奈川県 中郡 1824.97 31353 大磯町
78%
奈良県 北葛城郡 3411.70 23916 王寺町
77%
大阪府 泉北郡 4113.85 16332 忠岡町
76%
兵庫県 加古郡 3695.40 33739 播磨町
75%
奈良県 生駒郡 1927.33 27503 斑鳩町
75%
静岡県 駿東郡 1625.84 43296 長泉町
75%
愛知県 海部郡 3335.53 36991 蟹江町
74%
東京都 西多摩郡 1860.30 31346 瑞穂町
74%
沖縄県 中頭郡 1,176.98 41524 読谷村
74%
神奈川県 足柄上郡 2851.45 18677 開成町
73%
京都府 乙訓郡 2720.60 16242 大山崎町
72%
沖縄県 中頭郡 1,452.87 22563 中城村
72%
三重県 三重郡 1770.76 15441 川越町
71%
徳島県 板野郡 2173.02 35355 藍住町
70%
大阪府 三島郡 1832.36 30802 島本町
70%
沖縄県 中頭郡 1,572.18 18143 北中城村
70%
愛知県 西春日井郡 2544.34 15724 豊山町
69%
三重県 三重郡 1861.27 11149 朝日町
69%
愛知県 海部郡 4967.37 32735 大治町
68%
沖縄県 島尻郡 3780.20 40675 南風原町
68%
岐阜県 羽島郡 3290.52 26028 岐南町
68%
群馬県 邑楽郡 2329.62 42003 大泉町
68%
広島県 安芸郡 2173.82 29977 海田町
68%
沖縄県 中頭郡 2036.09 28322 北谷町
68%
三重県 員弁郡 1,135.76 25759 東員町
68%
香川県 綾歌郡 2307.04 18687 宇多津町
67%
愛知県 丹羽郡 3061.39 34257 扶桑町
66%
埼玉県 北足立郡 3055.04 45184 伊奈町
66%
岐阜県 羽島郡 2131.65 21956 笠松町
66%
京都府 久世郡 1,081.31 14987 久御山町
66%
大阪府 泉南郡 2516.18 43379 熊取町
65%
埼玉県 北葛飾郡 1712.72 27746 松伏町
65%
神奈川県 愛甲郡 1,149.71 39412 愛川町
65%
岐阜県 本巣郡 3534.75 18310 北方町
64%
奈良県 磯城郡 1,474.21 31091 田原本町
64%
神奈川県 足柄上郡 1,197.43 17219 大井町
64%
埼玉県 入間郡 2483.50 38072 三芳町
63%
山梨県 中巨摩郡 2345.59 21298 昭和町
63%
愛知県 丹羽郡 1782.22 24256 大口町
63%
岡山県 都窪郡 1612.73 12289 早島町
63%
愛知県 知多郡 1594.54 49654 東浦町
63%
京都府 相楽郡 1,398.79 35921 精華町
63%
石川県 河北郡 1,293.51 26297 内灘町
63%
愛知県 知多郡 1,186.43 28237 阿久比町
63%
奈良県 生駒郡 2602.50 22876 三郷町
62%
福岡県 遠賀郡 2538.60 27950 水巻町
62%
愛知県 知多郡 1640.77 43267 武豊町
61%
静岡県 榛原郡 1,387.02 28753 吉田町
61%
愛知県 愛知郡 2419.97 43632 東郷町
60%
埼玉県 北葛飾郡 1,449.15 43518 杉戸町
60%
長崎県 西彼杵郡 1,388.37 39888 長与町
60%
熊本県 菊池郡 1,181.07 44293 菊陽町
60%
兵庫県 揖保郡 1,467.80 33187 太子町
59%
長崎県 西彼杵郡 1,399.33 29302 時津町
59%
埼玉県 南埼玉郡 2125.71 33905 宮代町
58%
福岡県 糟屋郡 1735.34 32850 新宮町
58%
愛媛県 伊予郡 1,439.34 29377 松前町
58%
福岡県 糟屋郡 1,242.70 37542 宇美町
58%
沖縄県 島尻郡 3792.28 19644 与那原町
57%
奈良県 生駒郡 1633.64 7041 安堵町
57%
奈良県 磯城郡 1,549.51 6291 三宅町
57%
徳島県 板野郡 2644.85 23116 北島町
56%
沖縄県 中頭郡 2218.87 35280 西原町
56%
福岡県 遠賀郡 1,133.16 13122 芦屋町
56%
奈良県 北葛城郡 2091.60 34093 広陵町
55%
宮城県 宮城郡 1,340.18 17677 七ヶ浜町
55%
千葉県 印旛郡 1,072.59 20390 酒々井町
55%
奈良県 北葛城郡 2026.61 16679 河合町
54%
奈良県 磯城郡 1,341.15 13854 川西町
53%
福岡県 築上郡 1,127.10 6447 吉富町
53%
福岡県 糟屋郡 1775.66 28961 須恵町
51%
沖縄県 島尻郡 1,175.30 31686 八重瀬町
51%
群馬県 佐波郡 1,388.29 35790 玉村町
50%
群馬県 北群馬郡 1,092.08 22344 吉岡町
50%
埼玉県 児玉郡 1,030.81 30079 上里町
49%
奈良県 北葛城郡 3459.28 21240 上牧町
46%
福岡県 田川郡 1,007.46 8100 糸田町
45%
埼玉県 入間郡 1,022.51 34837 毛呂山町
44%
No matching quizzes found
Score Distribution
Percent of People with Each Score
Percentile by Number Answered
Your Score History
You have not taken this quiz